000 00530nam a2200217Ia 4500
003 0100
008 130303s9999 xx 000 0 und d
020 _a867163208
040 _cARRUPELIB
050 _aBS2575.2.W431998
100 _aWeber, Gerald P., 1918-
245 _aBreaking open the gospel of Matthew
245 _bthe Sermon on the Mount
260 _aCincinnati
260 _bSt. Anthony Messenger Press
260 _C1998
300 _a137p.
300 _b 22cm.
700 _aGerald P. Weber
942 0 0 _02
999 _c9445
_d9445